Đông Kinh Nghĩa Thục

Sách cung cấp tri thức về một phong trào yêu nước mạnh mẽ ở Bắc Kỳ vào đầu thế kỷ XX - Đông Kinh Ngĩa Thục - một trong những phong trào dân tộc - dân chủ đầu tiên trong thời đại mới, hướng tới việc giải phóng dân tộc, trước hết bằng...

Descrición completa

Gardado en:
Detalles Bibliográficos
Autor Principal: Chương, Thâu
Formato: Libro
Idioma:Undetermined
Publicado: Hà Nội Hồng Đức 2015
Những chủ đề:
Các nhãn: Engadir etiqueta
Sen Etiquetas, Sexa o primeiro en etiquetar este rexistro!
Thư viện lưu trữ: Trung tâm Học liệu Trường Đại học Cần Thơ
LEADER 01408nam a2200217Ia 4500
001 CTU_216938
008 210402s9999 xx 000 0 und d
020 |c 99000 
082 |a 959.7 
082 |b Th125 
100 |a Chương, Thâu 
245 0 |a Đông Kinh Nghĩa Thục 
245 0 |c Chương Thâu 
260 |a Hà Nội 
260 |b Hồng Đức 
260 |c 2015 
520 |a Sách cung cấp tri thức về một phong trào yêu nước mạnh mẽ ở Bắc Kỳ vào đầu thế kỷ XX - Đông Kinh Ngĩa Thục - một trong những phong trào dân tộc - dân chủ đầu tiên trong thời đại mới, hướng tới việc giải phóng dân tộc, trước hết bằng những hoạt động có tính chất cải cách dân chủ, đổi mới tư tưởng, kết hợp với những biện pháp thực hiện cụ thể về giáo dục, xã hội, kinh tế, đồng thời gắn liền với xu hướng bạo động cách mạng của Phan Bội Châu, ngọn cờ trung tâm tập hợp và chi phối các phong trào yêu nước lúc bấy giờ 
650 |a Việt Nam,Vietnam 
650 |x Lịch sử,History 
904 |i Nhi,Hải 
980 |a Trung tâm Học liệu Trường Đại học Cần Thơ